Doing business with Saudi Arabia.
| Format: | Book |
|---|---|
| Published: |
London:
Kogan Page,
2002.
|
| Edition: | 2nd ed.. |
| Subjects: |
| LEADER | 00430cam a2200157 7i4500 | ||
|---|---|---|---|
| 001 | 0000011521 | ||
| 005 | 20220119090000.0 | ||
| 020 | 0 | 0 | |a 0749437014 |
| 090 | 0 | 0 | |a SAUD 338.7 |b DOI |
| 245 | 0 | 0 | |a Doing business with Saudi Arabia. |
| 250 | 0 | 0 | |a 2nd ed.. |
| 260 | 0 | 0 | |a London: |b Kogan Page, |c 2002. |
| 300 | # | # | |a 481 p. |
| 650 | 0 | 0 | |a Business -- |z Saudi Arabia |
| 651 | 0 | 0 | |a Saudi Arabia |
| 999 | |a B000014013 |b Book |c Countries |e Business Information Centre | ||


